000 00671nam a22002770a 4500
001 UByD001392
003 AR-LpoUNG
005 20230421230410.0
008 230420s2021||||ag |||||||||||||||||spa d
020 _a9789878824468
040 _aAR-LpoUNG
_bspa
_cAR-LpoUNG
_eaacr
041 _aspa
044 _aag
082 0 _aA863 732cro
100 1 _aBorges, Juan
245 1 0 _aCrónicas suburbanas
250 _a1ra. ed.
260 _aBuenos Aires :
_bLucas Miguel Alonso Amorin,
_c2021.
300 _a108 p.
650 4 _aARGENTINA
650 4 _aLITERATURA
650 4 _aPROSA
653 4 _aLITERATURA ARGENTINA
905 _a55627
942 _cLIB
_2ddc
999 _c63949
_d63949